00572nam a2200169 a 450000100100000000500170001000800410002702000180006804000250008608200130011111000500012424500890017424600480026326000310031130000440034270000160038600002397920210420113209.0110118s2005 xxuad 000 0 spa d a9789280639286 aDO-SdBNPbspacBNPHU axxxbxxx aFondo de las Naciones Unidas para la Infancia10aUn llamados :bniños y niñas el rostro oculto del sida /cNick Corby...[et.al.].10aNiños y niñas el rostro oculto del sida aNew York :bUNICEF,c2005. a25 p. :bil., gráf., retrs. ;c30 cm.1 aCorby, Nick